| Tag |
First Indicator |
Second Indicator |
Subfields |
| LEADER |
00000pam a2200000 a 4500 |
| 001 |
in00000084230 |
| 005 |
20151008055722.0 |
| 008 |
791011s1980 nyub b 00100 engm |
| 010 |
|
|
|a 79023486
|
| 020 |
|
|
|a 0231048041 :
|c $20.00 (est.)
|
| 035 |
|
|
|a (OCoLC)05675147
|
| 035 |
|
|
|9 AAJ4201AM
|
| 040 |
|
|
|a DLC
|c DLC
|d m.c.
|d TXA
|d UtOrBLW
|
| 043 |
|
|
|a a-ja---
|a as-----
|
| 049 |
|
|
|a TXAM
|c [1560722]
|
| 050 |
0 |
0 |
|a DS845
|b .F37
|
| 082 |
0 |
|
|a 327.52
|
| 245 |
0 |
4 |
|a The Fateful choice :
|b Japan's advance into Southeast Asia, 1939-1941 : selected translations from Taiheiyo senso e no michi, kaisen gaiko shi /
|c edited by James William Morley.
|
| 264 |
|
1 |
|a New York :
|b Columbia University Press,
|c 1980.
|
| 300 |
|
|
|a xi, 366 pages :
|b maps ;
|c 24 cm.
|
| 336 |
|
|
|a text
|b txt
|2 rdacontent
|
| 337 |
|
|
|a unmediated
|b n
|2 rdamedia
|
| 338 |
|
|
|a volume
|b nc
|2 rdacarrier
|
| 490 |
1 |
|
|a Japan's road to the Pacific war
|
| 490 |
1 |
|
|a Studies of the East Asian Institute / Columbia University
|
| 500 |
|
|
|a Includes index.
|
| 504 |
|
|
|a Bibliography: pages [343]-351.
|
| 505 |
0 |
|
|a The Japanese-Soviet neutrality pact / by Hosoya Chihiro -- Economic demands on the Dutch East Indies / by Nagaoka Shinjiro -- The Army's move into Northern Indochina / by Hata Ikuhiko -- The drive into Southern Indochina and Thailand / by Nagaoka Shinjiro -- The Navy's role in the Southern strategy / by Tsunoda Jun.
|
| 650 |
|
0 |
|a World War, 1939-1945
|x Diplomatic history.
|
| 651 |
|
0 |
|a Japan
|x Foreign relations
|y 1912-1945.
|
| 651 |
|
0 |
|a Japan
|x Foreign relations
|z Southeast Asia.
|
| 651 |
|
0 |
|a Japan
|x Military policy
|z Japan.
|
| 700 |
1 |
|
|a Morley, James William,
|d 1921-
|
| 710 |
2 |
|
|a Nihon Kokusai Seiji Gakkai.
|b Taiheiyō Sensō Genʼin Kenkyūbu.
|t Taiheiyo senso e no michi.
|
| 830 |
|
0 |
|a Studies of the East Asian Institute.
|
| 830 |
|
0 |
|a Japan's road to the Pacific War.
|
| 999 |
|
|
|a MARS
|
| 999 |
f |
f |
|s a0bda7cc-1caf-3c0f-96fe-3fccf478b06c
|i 77f2f1ac-9fdf-3f8d-aed5-0c9fe053546c
|t 0
|
| 952 |
f |
f |
|p ric
|a Texas A&M University
|b Rellis Campus
|c Joint Library Facility
|d Remote Storage
|t 0
|e DS845 .F37
|h Library of Congress classification
|i unmediated -- volume
|m A14806102726
|
| 998 |
f |
f |
|a DS845 .F37
|t 0
|l Remote Storage
|